Sipah gari say safarat kari tak (Record no. 327513)

000 -LEADER
fixed length control field 00390 a2200145 4500
001 - CONTROL NUMBER
control field 92440
082 ## - DEWEY DECIMAL CLASSIFICATION NUMBER
Classification number 355.009 JAM
090 ## - LOCALLY ASSIGNED LC-TYPE CALL NUMBER (OCLC); LOCAL CALL NUMBER (RLIN)
-- 44413
-- 44414
100 ## - MAIN ENTRY--PERSONAL NAME
Personal name Jamil Ahmed Khan SI former Ambassador
245 ## - TITLE STATEMENT
Title Sipah gari say safarat kari tak
260 ## - PUBLICATION, DISTRIBUTION, ETC.
Place of publication, distribution, etc. Islamabad
Name of publisher, distributor, etc. [n. p]
Date of publication, distribution, etc. 2015
300 ## - PHYSICAL DESCRIPTION
Extent 250 p.
520 ## - SUMMARY, ETC.
Summary, etc. biography-military officer
650 ## - SUBJECT ADDED ENTRY--TOPICAL TERM
Topical term or geographic name entry element military officer biography
942 ## - ADDED ENTRY ELEMENTS (KOHA)
Institution code [OBSOLETE] CAE NUST
Call number prefix 355.009 JAM
Holdings
Withdrawn status Lost status Damaged status Not for loan Collection code Permanent Location Current Location Date acquired Total Checkouts Full call number Barcode Date last seen Price effective from Koha item type
          College of Aeronautical Engineering (CAE) College of Aeronautical Engineering (CAE) 04/03/2017   355.009 JAM CAE88649 04/05/2017 04/05/2017 Book
© 2023 Central Library, National University of Sciences and Technology. All Rights Reserved.